000 00644nam a2200205Ia 4500
003 BUBTL
008 151213s9999 xx 000 0 und d
020 _a9848430725
082 _a 340.58/ R1379h/ 2005
100 _aRakshit, Sree Mridulkanti
_94520
245 _aThe Principles of Hindu Law : (personal law of hindus in bangladesh and pakistan) /
_cSree Mridulkanti Rakshit
250 _a5th
260 _aDhaka
_bKamrul Book House
_cc2005
300 _a(L), 1084p. :
_b21cm
650 _aLaw
700 _aSree Mridulkanti Rakshit
_94520
856 _k0
_l0
_yDownload
942 _2ddc
_cBK
999 _c3403
_d3403